READ PEOPLE UNDERSTAND BEHAVIOUR EXPERTLY COMMUNICATE (Record no. 32058)
[ view plain ]
| 000 -LEADER | |
|---|---|
| fixed length control field | 00347nam a2200133Ia 4500 |
| 008 - FIXED-LENGTH DATA ELEMENTS--GENERAL INFORMATION | |
| fixed length control field | 240624s9999 xx 000 0 und d |
| 041 ## - LANGUAGE CODE | |
| Language code of text/sound track or separate title | eng |
| 082 ## - DEWEY DECIMAL CLASSIFICATION NUMBER | |
| Classification number | 158.2 CAR |
| 100 ## - MAIN ENTRY--PERSONAL NAME | |
| Personal name | CARTER RITA |
| 245 ## - TITLE STATEMENT | |
| Title | READ PEOPLE UNDERSTAND BEHAVIOUR EXPERTLY COMMUNICATE |
| 260 ## - PUBLICATION, DISTRIBUTION, ETC. | |
| Date of publication, distribution, etc. | 2018 |
| Place of publication, distribution, etc. | London |
| Name of publisher, distributor, etc. | AURUM PRESS |
| 300 ## - PHYSICAL DESCRIPTION | |
| Extent | 157 p.; 23 cm. |
| 365 ## - TRADE PRICE | |
| Currency code | |
| Price amount | 25 |
| Withdrawn status | Lost status | Damaged status | Not for loan | Home library | Current library | Shelving location | Date acquired | Total Checkouts | Full call number | Barcode | Date last seen | Date last checked out | Copy number | Price effective from | Koha item type |
|---|---|---|---|---|---|---|---|---|---|---|---|---|---|---|---|
| IMTN | IMTN | Rack 1-B | 03/03/2020 | 3 | 158.2 CAR | 32058 | 12/12/2025 | 11/27/2025 | 75 | 06/24/2024 | Books |